Scacchi: non farti mangiare #2 - Morte improvvisa - Statistics

Statistiche generali
  • Questo quiz è stato fatto 150 volte
  • Il punteggio medio è 12 su 26
Answers on the Grid
Answers color-coded by a green-red scale on the quiz's grid according to % correct below.
 
Statistiche sulle risposte
Risposta % Corretto
53%
53%
53%
53%
53%
50%
50%
50%
50%
50%
50%
47%
47%
47%
47%
44%
44%
44%
41%
41%
41%
41%
41%
38%
38%
31%
Nessun quiz corrispondente trovato
Distribuzione punteggi
Percentuale di utenti per punteggio
Percentile per numero di risposta
I tuoi punteggi nel tempo
Non hai fatto questo quiz